| 000 | 02064ngm a2200373 4500 | ||
|---|---|---|---|
| 003 | dpl | ||
| 005 | 20100309141239.0 | ||
| 007 | DVD | ||
| 008 | ||||||sp199 xxu|||||c ||| 00| 0 ng d | ||
| 010 | _aDVD-006172-6176 | ||
| 024 | _c299.00 (for set of 3 DVDs) | ||
| 035 | _aDVD-006172-6176 | ||
| 040 |
_aDPL _cDPL |
||
| 082 | _aDVD GANA | ||
| 245 |
_aGanasatru : _cSatyajit Ray's Presents _h[videorecording] DVD/ _bThe Enemy of the People / |
||
| 260 | _bEagle Home Entertainment | ||
| 300 |
_a1 videodisc DVD; _bsd., col. ; _c4 3/4 in. _fDVD |
||
| 440 | _aEagle Video Home Entertainment | ||
| 500 | _aNominated for Oscar awards | ||
| 538 | _aDolby Digital 5.1 -Bengali Subtitles: English | ||
| 650 | _aMotion Picture | ||
| 700 | _aRay, Satyajit | ||
| 700 | _aBanaerjee, Satya | ||
| 700 | _aChaterjee, Soumitra | ||
| 700 | _aDey Dipankar | ||
| 700 | _aChaterjee, Dhritiman | ||
| 942 |
_cCF _2ddc _hDVD _mGANA |
||
| 999 |
_c34528 _d34528 |
||